000 00267nam a2200121 a 4500
001 4140
005 20140414131900.0
008 090218s19uu xx 00 eng d
050 _aFIC
_bB56 1990
100 _aBlume, Judy
245 _aFudge-A-Mania.
999 _c110615
_d110615